000 00694nam a2200181Ia 4500
008 090630s9999 xx 000 0 und d
082 _b27040
100 _aभागवत भा. रा.
245 _aभटांच्या वाडयातील भुतावळ.
_cभागवत भा. रा.
260 _bपुरंदरे.
_c1994
300 _a86
600 _aभागवत भा. रा.
630 _aभटांच्या वाडयातील भुतावळ.
655 _aबालवाङमय.
700 _aभागवत भा. रा.
730 _aभटांच्या वाडयातील भुतावळ.
942 _cBOOK
999 _c278896
_d278896